Poesía lírica del Siglo de Oro / (Record no. 185501)

MARC details
000 -LEADER
campo de control de longitud fija 00933nam a2200289 i 4500
001 - NÚMERO DE CONTROL
campo de control 185501
003 - IDENTIFICADOR DE NÚMERO DE CONTROL
campo de control SpMaBN
005 - FECHA Y HORA DE LA ÚLTIMA TRANSACCIÓN
campo de control 20240409180614.0
008 - DATOS DE LONGITUD FIJA--INFORMACIÓN GENERAL
campo de control de longitud fija 160613s1988 sp |||| |dspa d
020 ## - NÚMERO INTERNACIONAL ESTÁNDAR DEL LIBRO
Número Internacional Estándar del Libro 84-376-0174-6
080 ## - NÚMERO DE LA CLASIFICACIÓN DECIMAL UNIVERSAL
Número de la Clasificación Decimal Universal 821.134.2-14"15/16"(082.2)
245 00 - MENCIÓN DEL TÍTULO
Título Poesía lírica del Siglo de Oro /
Mención de responsabilidad, etc. edición de Elías L. Rivers.
250 ## - MENCION DE EDICION
Mención de edición 9ª ed.
260 ## - PUBLICACIÓN, DISTRIBUCIÓN, ETC.
Lugar de publicación, distribución, etc. Madrid :
Nombre del editor, distribuidor, etc. Cátedra,
Fecha de publicación, distribución, etc. 1988.
300 ## - DESCRIPCIÓN FÍSICA
Extensión 367 p. ;
Dimensiones 18 cm.
490 1# - MENCIÓN DE SERIE
Mención de serie Letras hispánicas ;
Designación de volumen o secuencia 85
504 ## - NOTA DE BIBLIOGRAFÍA, ETC.
Nota de bibliografía, etc. Bibliografía: p. 21-23.
505 8# - NOTA DE CONTENIDO CON FORMATO
Nota de contenido con formato Contiene: ;
Título Poesía renacentista ;
-- Poesía barroca
650 #7 - PUNTO DE ACCESO ADICIONAL DE MATERIA--TÉRMINO DE MATERIA
Término de materia o nombre geográfico como elemento de entrada Poesías líricas españolas-
Subdivisión cronológica S.XVI-XVII.
9 (RLIN) 159680
700 1# - ENTRADA AGREGADA--NOMBRE PERSONAL
Nombre de persona Rivers, Elias L.
9 (RLIN) 97715
740 02 - ENTRADA AGREGADA--TÍTULO RELACIONADO/ANALÍTICO NO CONTROLADO
Título relacionado o analítico no controlado Poesía renacentista.
740 02 - ENTRADA AGREGADA--TÍTULO RELACIONADO/ANALÍTICO NO CONTROLADO
Título relacionado o analítico no controlado Poesía barroca.
830 00 - PUNTO DE ACCESO ADICIONAL DE SERIE-TÍTULO UNIFORME
Título uniforme Letras hispánicas ;
Designación de volumen o secuencia 85
9 (RLIN) 235703
852 ## - LOCALIZACIÓN
Ubicación ES-MaACL
Número de control de estantería L-30389
Nota libre . - Donat. Miguel A. Velasco
942 ## - ELEMENTOS DE ENTRADA SECUNDARIOS (KOHA)
Fuente del sistema de clasificación o colocación Clasificación decimal universal
Holdings
Estatus retirado Estado de pérdida Estado de daño No para préstamo Biblioteca de origen Biblioteca actual Ubicación en estantería Fecha de adquisición Fuente de adquisición Total de préstamos Signatura topográfica completa Código de barras Visto por última vez Precio de reemplazo Tipo de ítem Koha
        Biblioteca del Ateneo de Madrid Biblioteca del Ateneo de Madrid Depósito 2 13/06/2016     L-30389 1195442 23/02/2023 23/02/2023 Libro impreso